All bosses - LEGO skywalker saga - Statistics

General Stats
  • This quiz has been taken 29 times
  • The average score is 16 of 46
Answer Stats
Episode Answer % Correct
1 Darth maul
100%
2 Count dooku
93%
3 Count dooku
93%
5 Darth Vader
93%
6 Darth Vader
93%
6 Emperor palpatine
93%
9 Emperor palpatine
93%
7 Kylo Ren
86%
8 Kylo Ren
86%
3 General grievous
79%
2 Jango fett
71%
3 Anakin skywalker
57%
6 Boba fett
57%
7 Captain phasma
57%
8 Captain phasma
57%
4 Darth Vader (illusion)
50%
6 Rancor
50%
6 Jabba the hut
43%
2 Reek
29%
3 Darth sidious
21%
4 Dianoga
21%
2 Acklay
14%
1 Colo claw fish
14%
Ships Executor
14%
Ships Invisible Hand
14%
9 Knights of ren
14%
2 Nexu
14%
1 Opee sea killer
14%
9 BB-BOSS
7%
7 FN-2199
7%
8 Praetorian Guards
7%
9 Sovereign Protectors
7%
Captains Admiral Immich
0%
Captains Captain Fo Skoolan
0%
Captains Captain Nuno Tuuk
0%
Captains Captain Swarton
0%
Captains Captain Vektol
0%
Ships Fulminatrix
0%
Ships Home One
0%
8 Luke skywalker
0%
Captains OOM-14
0%
Ships Steadfast
0%
Captains The Real Captain Swarton
0%
Ships Trade Federation Battleship
0%
Captains TT-2005
0%
Ships Venator-Class Star Destroyer
0%
No matching quizzes found
Score Distribution
Percent of People with Each Score
Percentile by Number Answered
Your Score History
You have not taken this quiz